000
00231 a2200097 4500
001
32310
100
_a
Crane, Dale
245
_a
Aircraft Reciprocating Engines
260
_a
N.Y
_b
McGraw Hill Books Co
_c
1983
090
_c
21697
_d
21697
942
_a
NUST-CAE
_c
M
_c
12999
999
_c
267383
_d
267383